Alphabet grec - Associe le symbole au nom - Statistiques

Statistiques générales
  • Ce quiz a été pris 1 004 fois
  • Le résultat moyen est 18 sur 24
Statistiques - réponses
Hint Réponse % Correct
Α / α alpha
92%
Β / β bêta
92%
Ω / ω oméga
88%
Ζ / ζ zêta
87%
Ε / ε epsilon
85%
Π / π pi
85%
Δ / δ delta
84%
Μ / μ mu
84%
Ν / ν nu
83%
Ο / ο omicron
83%
Ι / ι iota
82%
Κ / κ kappa
81%
Λ / λ lambda
77%
Τ / τ tau
77%
Υ / υ upsilon
71%
Σ / σ sigma
70%
Φ / φ phi
69%
Ρ / ρ rhô
67%
Θ / θ thêta
64%
Ψ / ψ psi
60%
Γ / γ gamma
59%
Η / η êta
51%
Ξ / ξ xi
42%
Χ / χ khi
39%
Aucun quiz correspondant
Distribution des résultats
% des personnes avec chaque résultat
Percentile par nombre de réponses
Votre historique - résultats
Vous n’avez pas pris ce quiz